Filosofía del ser: ensayo de síntesis metafísica
I tiakina i:
| Kaituhi matua: | |
|---|---|
| Hōputu: | Pukapuka |
| Reo: | Pāniora |
| I whakaputaina: |
Madrid
Gredos
1956
|
| Putanga: | 2a. ed |
| Rangatū: | Biblioteca Hispánica de Filosofía, 3
|
| Ngā marau: | |
| Ngā Tūtohu: |
Tāpirihia he Tūtohu
Kāore He Tūtohu, Me noho koe te mea tuatahi ki te tūtohu i tēnei pūkete!
|
MARC
| LEADER | 00000cam a2200000 a 4500 | ||
|---|---|---|---|
| 001 | UCW6149 | ||
| 003 | CL-VaPUC | ||
| 008 | 911021e19560000SP |||||||||||||||||spa|d | ||
| 082 | 0 | 4 | |a 111 |b RAE |2 21 |
| 100 | 0 | |a Raeymaeker, Louis de |e author |9 311151 | |
| 245 | 1 | 0 | |a Filosofía del ser: ensayo de síntesis metafísica |
| 250 | |a 2a. ed | ||
| 300 | |a 410 p | ||
| 942 | |c BK | ||
| 945 | |d 19911021 00:00:00 | ||
| 260 | |a Madrid |b Gredos |c 1956 | ||
| 500 | |a Traducido por: María Dolores Mouton y Valentín García Yebra | ||
| 650 | 0 | |a Ontología |9 256850 | |
| 583 | |a last modification |c 20150416 15:37:51 |k Rodrigo Vera | ||
| 490 | 0 | |a Biblioteca Hispánica de Filosofía, 3 | |
| 999 | |c 219308 |d 219306 | ||
| 952 | |0 0 |1 0 |4 0 |6 111_000000000000000_RAE_1956 |7 0 |8 P |9 210074 |a BIBEDU |b BIBEDU |c BIBEDU_PB |d 2019-11-15 |i 278162K |o 111 RAE 1956 |p 278162K |r 2024-01-25 |w 2019-11-15 |y BK |k EDU | ||
| 952 | |0 0 |1 0 |4 0 |6 111_000000000000000_RAE_1956 |7 0 |8 P |9 210075 |a BIBEDU |b BIBEDU |c BIBEDU_PB |d 2019-11-15 |i 2781638 |o 111 RAE 1956 |p 2781638 |r 2024-01-25 |w 2019-11-15 |y BK |k EDU | ||
| 952 | |0 0 |1 0 |4 0 |6 111_000000000000000_RAE_1956 |7 0 |8 P |9 210076 |a BIBEDU |b BIBEDU |c BIBEDU_PB |d 2019-11-15 |i 1582690 |o 111 RAE 1956 |p 1582690 |r 2024-01-25 |w 2019-11-15 |y BK |k FIL | ||